Responses for show #7794 - Thursday, June 28, 2018

Contestants

[<< previous game]

Kat Long, a journalist from New York, New York

Frank Young, an animation writer from Toronto, Ontario, Canada

Scott McFadden, a librarian from Muncie, Indiana (whose 1-day cash winnings total $26,001)

[next game >>]

Jeopardy! Round responses

DAYTIME TV MEMORIES
KITCHEN CONFUSION
CHILDREN'S BOOKS
HODGEPODGE
"F"IVE-LETTER WORDS
BRUSH UP ON YOUR...
(Alex: We want you to name the country with the most speakers of the language we give you.)
    $200 26
Susan Lucci

Scott
    $200 6
(Kat: What is curry?)

chile, or chili, powder

Kat
Triple Stumper
    $200 21
Anne of Green Gables

Kat
    $200 8
Bashful

Scott
    $200 1
(Kat: What is wash and fold?)

fluff

ScottKat
    $200 16
Iran

Frank
    $400 27
The View

Kat
    $400 7
bones

Frank
    $400 22
Ferdinand

Frank
    $400 9
mosquitos

Kat
    $400 2
a fjord

Frank
    $400 17
South Africa

Frank
    $600 28
Tom Cruise

Scott
    $600 13
pine nuts

Kat
    $600 23
Laura Ingalls Wilder

Scott
    $600 10
the Huffington Post

Kat
    $600 3
a frond

Kat
    $600 18
(Frank: What is Kazakhstan?)

Russia

Frank
Triple Stumper
    $800 29
Luke and Laura

Kat
    $800 14
tartar

Kat
    $1,000 24
The Giving Tree

Scott
    $800 11
Che Guevara

Frank
    $800 4
faith

Frank
    $800 19
Nigeria

Frank
    $1000 30
The Gong Show

Frank
    $1000 15
a yuzu

Kat
    $1000 25
The Very Hungry Caterpillar

Scott
    $1000 12
(Scott: What is heart disease?)

hypertension

Scott
Triple Stumper
    $1000 5
fugue

Kat
    $1000 20
Spain

Kat

Scores at the first commercial break (after clue 15):

Scott Frank Kat
-$600 $2,400 $4,600

Scores at the end of the Jeopardy! Round:

Scott Frank Kat
$2,800 $4,600 $7,000

Double Jeopardy! Round responses

NOWHERE LAND
MOVIE / STARS
1958
MENTAL FITNESS BOOKSHELF
GEORGE GERSHWIN
IRA
    $400 11
Timbuktu

Scott
    $400 5
Birdman

Kat
    $400 16
Elvis Presley

Kat
    $400 26
phobias

Scott
    $400 1
Fred Astaire and Ginger Rogers

Kat
    $400 21
retirement

Scott
    $800 12
hinterland

Scott
    $800 6
Get Out

Frank
    $800 17
China

Scott
    $800 27
it's all small stuff

Kat
    $800 2
Porgy and Bess

Scott
    $800 22
a rollover

Scott
    $1200 13
a backwater

Kat
    $1200 7
Precious

Frank
    $1200 18
Mackinac

Scott
    $1200 28
(Tony) Robbins

Frank
    $1200 3
"Who could ask for anything more?"

Scott
    $1200 23
collateral

Scott
    $1600 14
(Alex: He went to work for Columbia, and it was considered [*].)

Siberia

Triple Stumper
    $1600 8
Ghostbusters

Triple Stumper
    $1600 19
Boris Pasternak

Kat
    $1600 29
Norman Vincent Peale

Scott
    $1600 4
Rhapsody in Blue

Frank
    $3,000 24
(William) Roth

Scott
    $2000 15
Podunk

Frank
    $2000 9
What About Bob?

Scott
    $3,000 20
Nelson Rockefeller

Kat
    $2000 30
(Scott: What is dosage?)

price

Scott
Triple Stumper
    $2000 10
An American in Paris

Kat
    $2000 25
Fidelity

Scott

Scores at the end of the Double Jeopardy! Round:

Scott Frank Kat
$17,400 $11,400 $16,800

[wagering suggestions for these scores]

Final Jeopardy! Round responses

SHAKESPEARE
(Alex: "Two households, both alike in dignity".)
FrankWhat is Romeo and Juliet
$600
KatWhat is Hamlet
$14,799
ScottWhat is Romeo + Juliet
$16,201
Romeo and Juliet

Final scores:

Scott Frank Kat
$33,601 $12,000 $2,001
2-day champion: $59,602 2nd place: $2,000 3rd place: $1,000

Game dynamics:

Coryat scores:

Scott Frank Kat
$15,800 $11,400 $15,800
21 R
(including 2 DDs),
2 W
14 R,
1 W
19 R
(including 1 DD),
2 W

Combined Coryat: $43,000

The J! Archive is created by fans, for fans. The Jeopardy! game show and all elements thereof, including but not limited to copyright and trademark thereto, are the property of Jeopardy Productions, Inc. and are protected under law. This website is not affiliated with, sponsored by, or operated by Jeopardy Productions, Inc. Join the discussion at JBoard.tv.